| 000 | 00440nam a2200181Ia 4500 | ||
|---|---|---|---|
| 008 | 230719s9999 xx 000 0 und d | ||
| 020 | _a0-07-112672-4 | ||
| 041 | _aeng | ||
| 082 |
_a621.382 _bKEN |
||
| 100 |
_aKennedy G. _9111726 |
||
| 245 | _aElectronic Communication Systems | ||
| 250 | _a3rd ed. | ||
| 260 | _bMcGraw Hill | ||
| 300 | _dRef 19 E (3158) | ||
| 365 |
_cRs. _b75.00 |
||
| 700 |
_aKennedy G. _9111726 |
||
| 906 | _cETC | ||
| 999 |
_c354103 _d354103 |
||